|
|
|
|
| LEADER |
00902nam a22002411a 4500 |
| 001 |
c000361988 |
| 003 |
CARM |
| 005 |
20020325222230.0 |
| 008 |
851113s1954 enk 000 0 eng |
| 019 |
1 |
|
|a 4144161
|z 43942178
|z 55546843
|5 LACONCORD2021
|
| 035 |
|
|
|a (OCoLC)519879
|5 LACONCORD2021
|
| 040 |
|
|
|a SUA
|b eng
|c SUA
|d NU
|
| 082 |
0 |
4 |
|a 954.0298
|2 21
|
| 100 |
1 |
|
|a Feiling, Keith Grahame,
|c Sir,
|d 1884-
|
| 245 |
1 |
0 |
|a Warren Hastings.
|
| 260 |
|
|
|a London :
|b Macmillan,
|c 1954.
|
| 300 |
|
|
|a ix, 419 p. :
|b ill. ;
|c 23 cm.
|
| 600 |
1 |
0 |
|a Hastings, Warren,
|d 1732-1818.
|
| 651 |
|
0 |
|a India
|x History
|y British occupation, 1765-1947.
|
| 651 |
|
0 |
|a India
|x History
|y 18th century.
|
| 852 |
8 |
|
|b CARM
|h A1:AN16B0
|i B08661
|p 0416397
|f BK
|
| 999 |
f |
f |
|i 2f82bd2d-e87b-593c-9858-a5f874e90e9d
|s 45b118b6-ea43-5405-bff2-a085b3bd596a
|
| 952 |
f |
f |
|p Can circulate
|a CAVAL
|b CAVAL
|c CAVAL
|d CARM 1 Store
|e B08661
|f A1:AN16B0
|h Other scheme
|i book
|m 0416397
|